| 000 | 01152nam a22002897a 4500 | ||
|---|---|---|---|
| 003 | DO-SdBNP | ||
| 005 | 20220915110906.0 | ||
| 007 | ta | ||
| 008 | 110301s201u dr bd s 000 0 spa d | ||
| 040 |
_aDO-SdBNP _bspa _cBNPHU |
||
| 082 | 4 |
_a338.4791 _bR426d |
|
| 110 | 1 |
_aAsociación Dominicana de Constructores y Promotores de Viviendas (ACOPROVI) _982375 |
|
| 245 | 1 | 0 |
_aRepública Dominicana : _bdestino óptimo para el mercado de retirados, estudio exploratorio / _cpresentación Héctor Bretón S., Joel Santos |
| 260 |
_aSanto Domingo : _bACOPROVI, _bASONAHORES, _c[201?]. |
||
| 300 |
_a75 p. : _bmap., graf. _c28 cm. |
||
| 500 | _aEstudio exploratorio. | ||
| 590 | _aInventariado, 2022/ YL | ||
| 650 | 4 |
_aViviendas _xAspectos económicos _982376 |
|
| 650 | 4 |
_aEdificios de apartamentos _xAspectos económicos _982377 |
|
| 650 | 4 |
_aJubilación _xAspectos económicos _982378 |
|
| 650 | 4 |
_aTurismo _xRepública Dominicana _982379 |
|
| 700 | 1 | 2 |
_aBretón S., Héctor _epres. _982380 |
| 700 | 1 | 2 |
_aSantos, Joel _epres. _982381 |
| 710 |
_aAsociación Nacional de Hoteles y Restaurantes (ASONAHORES) _982382 |
||
| 910 | _aYLockward | ||
| 942 |
_2ddc _cLBS1 |
||
| 999 |
_c52404 _d52404 |
||